Lyrics of Clave Especial's "No Son Doritos" - Statistics

General Stats
  • This quiz has been taken 2 times
  • The average score is 146 of 187
Answer Stats
Answer % Correct
a
100%
ahí
100%
andar
100%
ando
100%
anillos
100%
apá
100%
Aquí
100%
armas
100%
atrás
100%
comando
100%
con
100%
de
100%
Díos
100%
dos
100%
en
100%
fuego
100%
gracias
100%
Hijo
100%
hijo
100%
huevos
100%
igualito
100%
la
100%
La
100%
LA
100%
lanzapapas
100%
largos
100%
las
100%
lo
100%
Los
100%
madre
100%
mal
100%
más
100%
mentalidad
100%
mi
100%
Mucha
100%
ocupa
100%
Pa
100%
pa
100%
Por
100%
portan
100%
p*ta
100%
que
100%
R
100%
rifles
100%
SCAR
100%
se
100%
Se
100%
si
100%
su
100%
te
100%
Te
100%
tener
100%
traigo
100%
Trakas
100%
un
100%
vio
100%
y
100%
yo
100%
actividad
50%
Baccarat
50%
bien
50%
caballero
50%
calidad
50%
cantidad
50%
ch*ngo
50%
Clave
50%
compré
50%
cueros
50%
damas
50%
dice
50%
Dior
50%
Doritos
50%
el
50%
espante
50%
Especial
50%
está
50%
estas
50%
este
50%
joyas
50%
llegan
50%
Luis
50%
LV
50%
Mija
50%
mueve
50%
no
50%
nos
50%
p'acá
50%
perfume
50%
Perla
50%
perro
50%
plateados
50%
pura
50%
seguridad
50%
son
50%
también
50%
ti
50%
vente
50%
vieron
50%
allá
0%
Así
0%
Bajando
0%
blindada
0%
Clientes
0%
como
0%
dolaritos
0%
espanten
0%
In-N-Out
0%
jale
0%
Pa'l
0%
repleta
0%
Sierra
0%
soy
0%
suena
0%
van
0%
vende
0%
vienen
0%
No matching quizzes found
Score Distribution
Percent of People with Each Score
Percentile by Number Answered
Your Score History
You have not taken this quiz